Flags of FIFA World Cup Winners - Statistics

General Stats
  • This quiz has been taken 237 times
  • The average score is 8 of 8
Answer Stats
Picture Hint Answer % Correct
1958, 1962, 1970, 1994, 2002 Brazil
100%
1978, 1986, 2022 Argentina
99%
1998, 2018 France
99%
1954, 1974, 1990, 2014 Germany
99%
1934, 1938, 1982, 2006 Italy
99%
2010 Spain
99%
1930, 1950 Uruguay
98%
1966 England
97%
No matching quizzes found
Score Distribution
Percent of People with Each Score
Percentile by Number Answered
Your Score History
You have not taken this quiz